LEADER 01203nam a2200241 i 4500 001 000000185326 003 CaOOAMICUS 005 20100201000000.0 008 100201s1932 it u000 u ita u 013 $a163327 040 $aSeMil$bita 245 12$aL'anima in Dio :$boperetta ascetica fatta sullo studio del Trattato dell'Amor di Dio di S. Francesco di Sales. 260 $a[S.l.] :$bLibreria Editrice Vescovile,$c1932. 260 $aBrescia :$bQueriniana,$c1932. 300 $a196 p., [1] p. di tav. ;$c20 cm. 500 $aIn testa al front : A. M. D. MQ. G. 650 4$aFrancesco : di Sales - Scritti spirituali.$0(OLS)http://semarc/subject/4225 700 1 $aFrançois : de Sales,$c.$0(OLS)http://semarc/name/1031 850 $aSeMil 852 $aSeMil$W1$xVenegono$y1$m3F III 122$j136017$B136017$CSeMilBibl$Z2$F147580 $81 996 $6245$aL'anima in Dio :$boperetta ascetica fatta sullo studio del Trattato dell'Amor di Dio di S. Francesco di Sales$9(OLS)http://semarc/title/266285 996 $6260$aBrescia :$bQueriniana$9(OLS)http://semarc/publisher/29615 996 $6260$a[S.l.] :$bLibreria Editrice Vescovile$9(OLS)http://semarc/publisher/49845 LEADER 00636nam a2200169 i 4500 001 000000191729 003 CaOOAMICUS 005 20100824000000.0 008 100824n it u000 u ita u 013 $a170299 040 $aSeMil$bita 245 10$aVolume primo :$bcon tavole illustrative. 300 $aXXVIII, 536 p. :$bill. 773 0 $aSparacio, Domenico Maria$tS. Antonio di Padova.$dPadova : Il Messaggiero di Sant'Antonio, 1923.$w()23695 850 $aSeMil 852 $aSeMil$W1$xVenegono$y1$m3H VI 78$j142337$B142337$CSeMilBibl$Z2$F153893 $81 996 $6245$aVolume primo :$bcon tavole illustrative$9(OLS)http://semarc/title/276243